[Event "ECU-chT U20"]
[Site "Carpuela"]
[Date "2014.05.05"]
[Round "5.5"]
[White "Pereira Berrozo, Hernardo Lenin"]
[Black "Lema Maldonado, Mao Israel"]
[Result "0-1"]
[WhiteElo "1462"]
[BlackElo "1646"]
[PlyCount "69"]
[EventDate "2014.05.03"]
[EventType "team-swiss"]
[EventRounds "7"]
[EventCountry "ECU"]
[SourceTitle "CBM 160 Extra"]
[Source "ChessBase"]
[SourceDate "2014.07.01"]
[SourceVersion "1"]
[SourceVersionDate "2014.07.01"]
[SourceQuality "1"]
[WhiteTeam "Guayas"]
[BlackTeam "Zamora Chimchipe"]
[WhiteTeamCountry "ECU"]
[BlackTeamCountry "ECU"]

1. c4 c5 2. Nf3 Nc6 3. g3 d6 4. Bg2 g6 5. 0-0 Bg7 6. d3 Nf6 7. Nc3 0-0 8. Bd2 Bg4 9. Rb1 Rc8 10. a3 Qd7 11. b4 b6 12. b5 Bxf3 13. bxc6 Bxc6 14. Bxc6 Rxc6 15. Kg2 d5 16. Qb3 Rd8 17. Bg5 dxc4 18. Qxc4 h6 19. Bd2 Nd5 20. Rb3 Nxc3 21. Bxc3 Bxc3 22. Rxc3 Qd5+ 23. Qxd5 Rxd5 24. Rb1 Re6 25. Kf1 Rh5 26. h4 g5 27. Rc4 gxh4 28. gxh4 Rf6 29. f3 Rhf5 30. Kf2 Rf4 31. Rg1+ Kf8 32. Rg4 Rxg4 33. Rxg4 Rd6 34. Ra4 a5 35. Rc4 0-1

[Event "ECU-chT U20"]
[Site "Carpuela"]
[Date "2014.05.03"]
[Round "2.5"]
[White "Robles Loaiza, Alberto Alexand"]
[Black "Pereira Berrozo, Hernardo Lenin"]
[Result "1-0"]
[WhiteElo "1448"]
[BlackElo "1462"]
[PlyCount "82"]
[EventDate "2014.05.03"]
[EventType "team-swiss"]
[EventRounds "7"]
[EventCountry "ECU"]
[SourceTitle "CBM 160 Extra"]
[Source "ChessBase"]
[SourceDate "2014.07.01"]
[SourceVersion "1"]
[SourceVersionDate "2014.07.01"]
[SourceQuality "1"]
[WhiteTeam "El Oro"]
[BlackTeam "Guayas"]
[WhiteTeamCountry "ECU"]
[BlackTeamCountry "ECU"]

1. d4 d5 2. Nf3 e6 3. g3 c6 4. Bg2 f5 5. 0-0 Nf6 6. Bg5 Bd6 7. Nbd2 0-0 8. Ne5 Qc7 9. Bxf6 Rxf6 10. Ndf3 Nd7 11. Nxd7 Bxd7 12. Qd3 Re8 13. c4 Qb8 14. cxd5 exd5 15. e3 Qd8 16. b4 a6 17. Qb3 Qe7 18. Rfb1 Rh6 19. a4 Qf7 20. b5 axb5 21. axb5 Qh5 22. bxc6 Bxc6 23. h4 Rd8 24. Ng5 Be7 25. Nh3 Rhd6 26. Ra7 Qe8 27. Qd3 g6 28. Rb6 Rb8 29. Qb3 Ra8 30. Rxa8 Qxa8 31. Nf4 Qa5 32. Rxb7 Bxb7 33. Qxb7 Qe1+ 34. Kh2 Kf7 35. Nxd5 Re6 36. Nc7 Rd6 37. Bd5+ Kg7 38. Ne8+ Kf8 39. Nxd6 Qxf2+ 40. Kh3 Qf1+ 41. Bg2 Qd3 1-0